000 00795nam0a22002651 4500
001 RU\INFOCOMM_317\NLR\5000032869
005 20250614081140.0
035 _a(NLR Aleph) 010629811
090 _a10631834
_c10631834
100 _a20130329d1967 |||y0rusy50 ca
101 0 _afre
102 _aRU
105 _ay z||||
200 1 _aSar colysine
_eDonnées cliniques
_fV/o "Medexport". Moscou
210 _a[Москва]
_cВнешторгиздат
_d[1967]
215 _a76 с.
_d21 см
309 _aОтпеч. множит. аппаратом
320 _aБиблиогр.: с. 59-76
686 _aМе5-385
_2rubbk
712 0 2 _a"Medexport", v/o
_4570
801 1 _aRU
_bInfocomm
_c20130329
801 0 _aRU
_bINFOCOMM
_gPSBO
852 _aNLR
_jМд17 Д-4/9
942 _cBOOK
980 _aNB